Traduction Français/Anglais : III.3. Religion and ethics - Statistiques

Statistiques générales
  • Ce quiz a été pris 5 fois
  • Le résultat moyen est 22 sur 50
Statistiques - réponses
Hint Réponse % Correct
un bouddhiste a Buddhist
100%
un catholique a Catholic
100%
une église a church
100%
un hindou a Hindu
100%
un hypocrite a hypocrite
100%
un menteur a liar
100%
un mensonge a lie
100%
un martyr a martyr
100%
un miracle a miracle
100%
un missionnaire a missionary
100%
un moine a monk
100%
une mosquée a mosque
100%
un ange an angel
100%
un pèlerin a pilgrim
100%
un prêtre a priest
100%
un principe a principle
100%
une prophétie a prophecy
100%
un prophète a prophet
100%
une secte a sect
100%
un péché a sin
100%
un pécheur a sinner
100%
un vice a vice
100%
une chasse aux sorcières a witch-hunt
100%
le bouddhisme Buddhism
100%
Pâques Easter
100%
la foi faith
100%
le pardon forgiveness
100%
Dieu God
100%
la veille de la Toussaint Halloween
100%
le ciel heaven
100%
l'enfer hell
100%
saint, bénit holy
100%
la messe mass
100%
paien pagan
100%
le paradis paradise
100%
religieux (-sement) religious(ly)
100%
le remords remorse
100%
sacré sacred
100%
la tentation temptation
100%
le Seigneur the Lord
100%
le Pape the Pope
100%
la vérité the truth
100%
trahir to betray
100%
bénir to bless
100%
(se) confesser to confess
100%
mériter to deserve
100%
mentir to lie
100%
obéir (à) to obey
100%
prier to pray
100%
prêcher to preach
100%
faire ses dévotions (intr.), adorer, vénérer (tr.) to worship
100%
vertueux virtuous
100%
(in)digne (un)worthy
67%
une croisade a crusade
50%
l'agnosticisme agnosticism
50%
la Toussaint All Saints' Day
50%
une religieuse a nun
50%
une paroisse a parish
50%
un pèlerinage a pilgrimage
50%
évangélique evangelical
50%
la théorie de l'évolution des espèces Evolution
50%
le manichéisme manicheism
50%
le protestantisme Protestantism
50%
plein de remords remorseful
50%
convertir to convert
50%
un libre-penseur a freethinker
33%
un musulman a Moslem / a Muslim
33%
le créationisme creationism
33%
fidèle (ment) faithful(ly)
33%
le clergé the clergy
33%
un croyant a believer
0%
un évêque a bishop
0%
une bénédiction a blessing
0%
un cardinal a cardinal
0%
une cathédrale a cathedral
0%
une assemblée de fidèles a congregation
0%
un couvent a convent
0%
un lâche a coward
0%
un créationiste a creationist
0%
un credo, une croyance a creed / a belief
0%
un critère a criterion
0%
un culte a cult
0%
une fête a festival
0%
un franc-maçon a Freemason
0%
un intégriste a fundamentalist
0%
un esprit a ghost
0%
agnostique agnostic
0%
un dieu, une déesse a god / a goddess
0%
un païen a heathen
0%
un cantique a hymn
0%
un juif, une juive a Jew / a jewess
0%
un monastère a monastery
0%
une abbaye an abbey
0%
un agnostique an agnostic
0%
un archevêque an archbishop
0%
un athée an atheist
0%
une déontologie an ethic
0%
un évangélisateur an evangelist
0%
anglican Anglican
0%
une idole an idol
0%
un serment an oath
0%
un (non) conformiste a (non) conformist
0%
un pasteur a parson
0%
une prière a prayer
0%
un prédicateur a preacher
0%
un protestant a Protestant
0%
un saint a saint
0%
un bouc émissaire a scapegoat
0%
un scrupule a scruple
0%
un évêché, un archevêché a see
0%
un sermon a sermon
0%
un sanctuaire a shrine
0%
une âme a soul
0%
une synagogue a synagogue
0%
un temple a temple
0%
l'athéisme atheism
0%
un pasteur anglican a vicar
0%
une vertu a virtue
0%
une sorcière a witch
0%
un fanatique a zealot / a fanatic
0%
catholique Catholic
0%
la charité charity
0%
le Christ Christ
0%
le baptême christening
0%
chrétien Christian
0%
le christianisme Christianity
0%
Noël Christmas
0%
la conscience conscience
0%
lâche cowardly
0%
dépravé depraved
0%
méritant deserving
0%
dévot, pieux devout
0%
diabolique diabolical
0%
le jour du Jugement Dernier Doomsday
0%
œcuménique ecumenical
0%
l'estime esteem
0%
la morale ethics
0%
le Mal Evil
0%
mauvais, malveillant evil
0%
fanatique fanatic
0%
le fanatisme fanaticism
0%
la ferveur fervour
0%
franc(hement) frankly
0%
la franchise frankness
0%
l'intégrisme fundamentalism
0%
la gloire glory
0%
le Bien Good
0%
un mal, un tort harm
0%
abominable heinous
0%
l'hindouisme Hinduism
0%
l'hypocrisie hypocrisy
0%
hypocrite(ment) hypocritical(ly)
0%
intolérant intolerant
0%
l'islam Islam
0%
juif Jewish
0%
le judaïsme Judaism
0%
la méchanceté, la malveillance malice
0%
le martyre martyrdom
0%
la moralité morals / morality
0%
musulman Moslem / Muslim
0%
paroissial, de clocher parochial
0%
prophétique(ment) prophetic(ally)
0%
protestant Protestant
0%
puritain puritanical
0%
avec remords remorsefully
0%
vertueux righteous
0%
juste(ment) right(ly)
0%
le catholicisme (romain) (Roman)/Catholicism
0%
le salut salvation
0%
scrupuleux (-sement) scrupulous(ly)
0%
sectaire sectarian
0%
inavouable, honteux sinful
0%
la sorcellerie sorcery / witchcraft
0%
strict(ement) strict(ly)
0%
le Diable the Devil
0%
les ouailles the flock
0%
l'évangile the gospel
0%
se conformer à to abide by
0%
croire (en) to believe (in)
0%
baptiser to christen
0%
cacher, tenir secret to conceal
0%
fermer les yeux sur to condone
0%
pardonner to forgive
0%
s'agenouiller to kneel
0%
persécuter to persecute
0%
pratiquer to practise
0%
se repentir (de) to repent (of)
0%
réprouver to reprove
0%
pécher to sin
0%
jurer, blasphémer to swear
0%
tenter to tempt
0%
jurer de to vow
0%
traître, déloyal treacherous
0%
la traîtrise treachery
0%
la Pentecôte Whitsun
0%
méchant, malfaisant wicked
0%
vilain(ement) wicked(ly)
0%
mal, injuste(ment) wrong(ly)
0%
le zèle, la ferveur zeal
0%
Aucun quiz correspondant
Distribution des résultats
% des personnes avec chaque résultat
Percentile par nombre de réponses
Votre historique - résultats
Vous n’avez pas pris ce quiz